[Event "ch-ROM"]
[Site "Lasi ROM"]
[Date "1999.12.27"]
[Round "15"]
[White "Nanu,C"]
[Black "Badea,B"]
[Result "1/2-1/2"]
[WhiteElo "2397"]
[BlackElo "2479"]

1.d4 g6 2.e4 Bg7 3.Nc3 d6 4.Nf3 c6 5.Bc4 Nf6 6.Bb3 O-O 7.O-O Bg4 8.h3 Bxf3
9.Qxf3 Nbd7 10.Bg5 Qa5 11.Bh4 c5 12.dxc5 Qxc5 13.Rad1 Rae8 14.Ba4 Ne5 15.Qe2 Nc6
16.Kh1 a6 17.f4 b5 18.Bb3 Nd4 19.Qd3 Nxb3 20.axb3 b4 21.Na4 Qc6 22.Rfe1 Nh5
23.Rf1 Nf6 24.Rfe1 Nh5 25.Rf1  1/2-1/2

[Event "Neujahr ELO"]
[Site "Lohmar GER"]
[Date "1999.12.27"]
[Round "2"]
[White "Behl,T"]
[Black "Eising,J"]
[Result "0-1"]
[WhiteElo "2150"]
[BlackElo "2327"]

1.e4 g6 2.d4 Bg7 3.Nc3 d6 4.Bf4 Nc6 5.d5 e5 6.dxc6 exf4 7.Bb5 Rb8 8.Nge2 Ne7
9.cxb7+ Bd7 10.Bc4 Rxb7 11.Bb3 O-O 12.Nxf4 a5 13.O-O Nc6 14.Qd5 Qa8 15.Qg5 Qd8
16.Qxd8 Rxd8 17.Rab1 Rdb8 18.Nfe2 Nd4 19.Nxd4 Bxd4 20.Rbd1 Bg7 21.Rfe1 Bc6
22.f3 Kf8 23.g3 Rb4 24.a3 Rd4 25.Rxd4 Bxd4+ 26.Kg2 Bxc3 27.bxc3 a4 28.Bc4 Rb2
29.Rc1 Bb5 30.Bxb5 Rxb5 31.Kf2 Rc5 32.c4 Rxc4 33.c3 Rc6 34.Ke3 Rb6 35.Kd3 Rb3
36.h4 Rxa3 37.Rb1 Ke7 38.Rb7 Kd7 39.Ra7 h5 40.Kc4 Ra1 41.Ra5 Ke6 42.g4 hxg4
43.fxg4 Rg1 44.h5 Rxg4 45.hxg6 fxg6 46.Kd3 Rg3+ 47.Kd2 Rg2+ 48.Kd3 Ra2 49.Ra7 Kd7
50.Ra5 a3 51.e5 dxe5 52.Rxe5 Rg2 53.Ra5 a2 54.Kd4 Kc6 55.c4 g5 56.Ra6+ Kd7
57.Kd5 g4 58.c5 Rd2+ 59.Ke5 g3 60.c6+ Ke7 61.Ra7 Re2+ 62.Kd5 Kf6  0-1

[Event "Open"]
[Site "Groningen NED"]
[Date "1999.12.28"]
[Round "9"]
[White "Jap Tjoen San,L"]
[Black "Hendriks,W"]
[Result "0-1"]
[WhiteElo "2234"]
[BlackElo "2378"]

1.e4 g6 2.d4 Bg7 3.Nc3 d6 4.Be3 c6 5.Nf3 Nd7 6.a4 Ngf6 7.h3 O-O 8.Be2 e5
9.dxe5 dxe5 10.O-O Qe7 11.Nd2 Nc5 12.Bc4 Ne6 13.Ne2 Nh5 14.Nf3 Kh8 15.Qc1 f5
16.exf5 gxf5 17.Bh6 e4 18.Nfd4 Nxd4 19.Nxd4 f4 20.Bxg7+ Qxg7 21.Ne6 Bxe6
22.Bxe6 f3 23.Bg4 Nf4 24.Re1 Rae8 25.g3 h5 26.Bxf3 Nxh3+ 27.Kg2 Rxf3 28.Kxh3 Qg4+
29.Kg2 Rxf2+ 30.Kxf2 Qf3+ 31.Kg1 Qxg3+ 32.Kf1 Qf3+ 33.Kg1 Rg8+ 34.Kh2 Qg2+  0-1

[Event "III Open"]
[Site "Cali COL"]
[Date "1999.12.29"]
[Round "6"]
[White "Gutierrez,JA"]
[Black "Espinosa,J"]
[Result "0-1"]
[WhiteElo "2280"]
[BlackElo "2290"]

1.e4 g6 2.d4 d6 3.Nc3 Bg7 4.Nf3 c6 5.Be2 Nf6 6.O-O O-O 7.a4 Nbd7 8.h3 Qc7
9.Be3 b6 10.Qd2 Bb7 11.Ra3 a6 12.Bd3 b5 13.axb5 axb5 14.Rxa8 Rxa8 15.Re1 b4
16.Nd1 c5 17.dxc5 Nxc5 18.Bxc5 Qxc5 19.c3 bxc3 20.Nxc3 Qb4 21.e5 dxe5 22.Nxe5 Rd8
23.Qe3 Nd5 24.Nxd5 Rxd5 25.Nf3 Rxd3 26.Qxd3 Bxf3 27.Rc1 Bb7 28.Qd8+ Bf8 29.Qb8 Qe4
30.Qg3 Bh6 31.Rd1 Bf4 32.Rd8+ Kg7 33.Qf3 Qe1+  0-1

[Event "Open"]
[Site "Groningen NED"]
[Date "1999.12.29"]
[Round "10"]
[White "Solleveld,M"]
[Black "Burnett,R"]
[Result "0-1"]
[WhiteElo "2404"]
[BlackElo "2423"]

1.e4 g6 2.d4 Bg7 3.Nc3 d6 4.f4 a6 5.Nf3 b5 6.Bd3 Bb7 7.Qe2 Nd7 8.e5 c5 9.e6 fxe6
10.Ng5 Bxd4 11.Nxb5 axb5 12.Qxe6 Nb8 13.Bxb5+ Bc6 14.Bxc6+ Nxc6 15.Nf7 Qd7
16.Qxd7+ Kxd7 17.c3 Bg7 18.Be3 Nf6 19.Nxh8 Bxh8 20.O-O-O Ne4 21.a3 Na5 22.Rhe1 Kc6
23.Kc2 Nc4 24.Bd4 d5 25.Bxh8 Rxh8 26.a4 Rf8 27.b3 Ncd6 28.Rf1 Ra8 29.Ra1 c4
30.b4 d4 31.cxd4 Nf5 32.Rfe1 Nxd4+ 33.Kd1 Kd5 34.Ra3 Nb5 35.Ra1 Nd4 36.Ra3 c3
37.Kc1 h6 38.a5 Ra6 39.Ra1 Nd2 40.Re5+ Kd6 41.Ra2 N2b3+ 42.Kd1 Rc6 43.Re3 Kd5
44.b5 c2+  0-1

[Event "ch-AUS"]
[Site "Mingara NSW AUS"]
[Date "1999.12.29"]
[Round "2"]
[White "Canfell,G"]
[Black "Rujevic,M"]
[Result "0-1"]
[WhiteElo "2280"]
[BlackElo "2306"]

1.e4 d6 2.d4 g6 3.Nc3 Bg7 4.Be3 c6 5.Qd2 Nd7 6.Nf3 Qa5 7.Bd3 Ngf6 8.O-O-O Ng4
9.Bg5 f6 10.h3 Nxf2 11.Qxf2 fxg5 12.Bc4 Rf8 13.Qg3 h6 14.e5 d5 15.Bd3 Nb6
16.Bxg6+ Kd8 17.Nd2 Na4 18.Nxa4 Qxa4 19.Nb3 Qxa2 20.Rhf1 e6 21.Rxf8+ Bxf8
22.Rf1 Be7 23.Rf7 b6 24.Qf3 g4 25.hxg4 Bg5+ 26.Kd1 Qb1+ 27.Ke2 Ba6+ 28.Bd3 Qxc2+
29.Ke1 Bxd3 30.Rf8+ Kd7 31.Rf7+ Be7  0-1

[Event "It B"]
[Site "Paretana ESP"]
[Date "1999.12.29"]
[Round "3"]
[White "Pinero Fernandez,X"]
[Black "Movsziszian,K"]
[Result "0-1"]
[WhiteElo "2162"]
[BlackElo "2501"]

1.e4 g6 2.d4 Bg7 3.Nc3 d6 4.f4 c6 5.Nf3 Bg4 6.Be3 Qb6 7.Qd2 Nd7 8.Bc4 Bxf3
9.gxf3 e6 10.f5 exf5 11.O-O-O Ne7 12.Bg5 Bf6 13.Bxf6 Nxf6 14.Qg5 Nfg8 15.exf5 Nxf5
16.Rhe1+ Kf8 17.Ne4 Qd8 18.Qf4 d5 19.Bb3 Qb8 20.Qd2 Kg7 21.Nc5 Nf6 22.c3 Nh4
23.Re7 Re8 24.Rde1 Rxe7 25.Rxe7 Qd8 26.Qe2 b6 27.Nd3 c5 28.Bc2 cxd4 29.cxd4 Nf5  0-1

[Event "Weihnachtsopen"]
[Site "Zurich SUI"]
[Date "1999.12.29"]
[Round "5"]
[White "Gallagher,Jo"]
[Black "Ramseier,Ja"]
[Result "1-0"]
[WhiteElo "2521"]
[BlackElo "2169"]

1.e4 g6 2.d4 Bg7 3.Nc3 d6 4.Be3 Nf6 5.Qd2 c6 6.Nf3 Bg4 7.Bd3 Bxf3 8.gxf3 Nbd7
9.O-O-O Qa5 10.Kb1 b5 11.Bh6 Bxh6 12.Qxh6 Nb6 13.Rhe1 Na4 14.Nxa4 Qxa4 15.e5 dxe5
16.dxe5 Nd5 17.Qg7 Rf8 18.e6 f5 19.Re5 Qb4 20.Rxd5 cxd5 21.Qxh7 O-O-O 22.Qxg6 Rf6
23.Qg5 Qd6 24.Re1 Qxh2 25.Qe3 d4 26.Qe2 a6 27.a4 Qd6 28.axb5 axb5 29.Bxb5 Qc5
30.Bd7+ Kc7 31.Qd2 Rb8 32.Rd1 Rb4 33.b3 Rf8 34.Qf4+ Qd6 35.Qxd6+ Kxd6 36.Kb2 Ke5
37.Rh1 Rbb8 38.Rh7 Kf6 39.f4 Rg8 40.Rf7+ Kg6 41.Rxe7 Rg7  1-0

[Event "PAR-ch"]
[Site "Asunicon"]
[Date "1999.??.??"]
[Round "7"]
[White "Lipiniks, Leonardo"]
[Black "Espinoza, Edgar"]
[Result "1/2-1/2"]
[WhiteElo "2137"]
[BlackElo "2065"]

1.e4 d6 2.d4 g6 3.Nc3 Bg7 4.Nf3 Nf6 5.h3 O-O 6.Be3 c6 7.Bd3 Qc7 8.a4 Nbd7
9.O-O b6 10.Qd2 a6 11.Rfe1 e5 12.Bh6 Bb7 13.Bxg7 Kxg7 14.Bf1 b5 15.b4 Rfc8
16.Rad1 a5 17.dxe5 dxe5 18.axb5 axb4 19.Nb1 cxb5 20.Bxb5 Nc5 21.Qxb4 Ncxe4
22.Bd3 Nxf2 23.Kxf2 e4 24.Rxe4 Bxe4 25.Bxe4 Nxe4+ 26.Qxe4 Qxc2+ 27.Qxc2 Rxc2+
28.Nbd2 Rd8 29.Ke2 Re8+ 30.Kd3 Ra2 31.Nd4 Ra3+ 32.N2b3 Ra2 33.Rd2 Ra3 34.g4 h6
35.Rf2 Rd8 36.Kc4 Ra4+ 37.Kc3 Ra3 38.Kb4 Ra7 39.h4 Re7 40.Rf4 Rc8 41.h5 Rce8
42.Nc5 Re1 43.hxg6 fxg6 44.Ndb3 Rh1 45.Kc4 Rh4 46.Kd5 h5 47.Ne6+ Rxe6 48.Kxe6 Rxg4  1/2-1/2

[Event "Athens op"]
[Site "Athens"]
[Date "1999.??.??"]
[Round "7"]
[White "Poteas, Ioannis"]
[Black "Khetsuriani, Besarion"]
[Result "1/2-1/2"]
[WhiteElo "2012"]
[BlackElo "2315"]

1.d4 d6 2.e4 g6 3.Nc3 Bg7 4.Bg5 c5 5.Bb5+ Bd7 6.Bxd7+ Nxd7 7.Nge2 Ngf6 8.Qd2 Qa5
9.dxc5 Nxc5 10.O-O O-O 11.f3 Ne6 12.Nd5 Qxd2 13.Nxf6+ Bxf6 14.Bxd2 Nd4 15.Nxd4 Bxd4+
16.Kh1 Bxb2 17.Rab1 Bf6 18.Rxb7 Rfc8 19.Rc1 Rc4 20.Rb4 Rac8 21.Rxc4 Rxc4
22.c3 Kf8 23.Bh6+ Ke8 24.Bd2 Be5 25.g3 f5 26.exf5 gxf5 27.Kg2 h5 28.Kf2 Bf6
29.Ke2 e5 30.Kd3 Ra4 31.Rc2 d5 32.Rb2 Kd7 33.Be3 e4+ 34.fxe4 fxe4+ 35.Kd2 Kc6
36.h3 Ra3 37.Rc2 a5 38.g4 hxg4 39.hxg4 Kb5 40.g5 Be5 41.g6 Kc4 42.Bh6 Bxc3+
43.Kd1 Kb5 44.Bf8 Bb4 45.Bxb4 axb4 46.Rg2 Ra8 47.g7 Rg8 48.Kd2 Kc4 49.Ke3 Kc3
50.Kf4 Kd3 51.Rg3+ Kd4 52.Rg5 Kc4 53.Ke3 Kc3 54.Rg2 d4+ 55.Kxe4 d3 56.Rg3 Kc4
57.Ke3 Kc3 58.Ke4 Kc2 59.Rxd3 Rxg7  1/2-1/2

[Event "Athens op"]
[Site "Athens"]
[Date "1999.??.??"]
[Round "9"]
[White "Georgiev, Krum"]
[Black "Scekic, Milos"]
[Result "1-0"]
[WhiteElo "2490"]
[BlackElo "2460"]

1.e4 g6 2.d4 Bg7 3.Nc3 d6 4.Be3 a6 5.f3 Nd7 6.h4 h5 7.Qd2 c6 8.Nh3 b5 9.O-O-O Qc7
10.Ng5 Nb6 11.Kb1 b4 12.Ne2 Nc4 13.Qd3 Nxe3 14.Qxe3 f6 15.Nh3 Bh6 16.Qb3 e6
17.Nhf4 Kf7 18.Qxb4 Ne7 19.Qa3 Bd7 20.g3 Rhb8 21.Bh3 Rb5 22.c4 Ra5 23.Qc3 f5
24.Nd3 Bg7 25.c5 Rb5 26.Nef4 Rab8 27.Rh2 a5 28.Rc2 Kg8 29.cxd6 Qxd6 30.e5 Qc7
31.Nc5 Qc8 32.Bf1 R5b6 33.Bc4 Nd5 34.Bxd5 cxd5 35.Qa3 Kf7 36.Ncxe6 Qe8 37.Nc7 Bf8
38.Qxa5 Ba4 39.Qxd5+ Kg7 40.Nxe8+  1-0

[Event "AUT-chT 9899"]
[Site "AUT"]
[Date "1999.??.??"]
[Round "?"]
[White "Wach, Markus"]
[Black "Hickl, Joerg"]
[Result "1/2-1/2"]
[WhiteElo "2410"]
[BlackElo "2555"]

1.e4 g6 2.d4 d6 3.Nc3 Bg7 4.Nf3 Nd7 5.Be3 e6 6.Qd2 a6 7.O-O-O h6 8.h4 b5
9.Bd3 Bb7 10.d5 e5 11.h5 g5 12.Ng1 Ne7 13.Nge2 c6 14.dxc6 Bxc6 15.Ng3 Nf6
16.f3 Qc7 17.Kb1 Rd8 18.Qf2 Qb7 19.a3 Rd7 20.Bb6 O-O 21.Ba5 Rb8 22.Na2 Nh7
23.Nb4 Nf8 24.c3 Ne6 25.Bc2 Nc5 26.Nd3 Ne6 27.Bb3 Qc8 28.Nf5 Nxf5 29.exf5 Nc5
30.Nxc5 dxc5 31.Rxd7 Bxd7 32.g4 Bc6 33.Rd1 Bf8 34.Bd5 Qb7 35.Qd2 Re8 36.Bxc6 Qxc6
37.Qd5 Qxd5 38.Rxd5 f6 39.Rd8 Kf7 40.Rxe8 Kxe8 41.c4 Be7 42.b3 bxc4 43.bxc4 Bd8
44.Bc3 Kd7 45.Kc2 Kc6 46.Kd3 Kd7 47.Ke4 Kd6 48.a4 a5 49.Ba1 Be7 50.Bb2 Kc6
51.Bc3 Bd8  1/2-1/2

[Event "AUT-chT 9899"]
[Site "AUT"]
[Date "1999.??.??"]
[Round "?"]
[White "Neuschmied, Siegfried"]
[Black "Thoma, Robert"]
[Result "1/2-1/2"]
[WhiteElo "2205"]
[BlackElo "2285"]

1.e4 d6 2.d4 g6 3.Nc3 Bg7 4.Be3 c6 5.a4 a5 6.h3 Nf6 7.Nf3 O-O 8.Be2 Qc7 9.O-O e5
10.Nd2 Ng4 11.hxg4 exd4 12.Bf4 dxc3 13.bxc3 Be6 14.Nf3 Rd8 15.Nd4 Na6 16.Bg5 Re8
17.f4 Nc5 18.Bd3 Bd7 19.Qf3 d5 20.exd5 Nxd3  1/2-1/2

[Event "AUT-chT2O 9899"]
[Site "AUT"]
[Date "1999.??.??"]
[Round "7"]
[White "Hechl, Gerald"]
[Black "Hangweyrer, Manfred"]
[Result "0-1"]
[WhiteElo "2190"]
[BlackElo "2370"]

1.e4 g6 2.d4 Bg7 3.Nc3 d6 4.Bc4 Nc6 5.Be3 Nf6 6.f3 O-O 7.Qd2 a6 8.a4 e5 9.Nge2 Bd7
10.O-O Rb8 11.a5  0-1

[Event "Bad Woerishofen op"]
[Site "Bad Woerishofen"]
[Date "1999.??.??"]
[Round "5"]
[White "Pirrot, Dieter"]
[Black "Slobodjan, Roman"]
[Result "1-0"]
[WhiteElo "2410"]
[BlackElo "2536"]

1.e4 g6 2.d4 Bg7 3.Nc3 d6 4.f4 a6 5.Nf3 b5 6.Bd3 Nd7 7.e5 e6 8.h4 h5 9.Ng5 Nf8
10.Nce4 Nh6 11.Be3 Bb7 12.Qe2 Nf5 13.Bf2 Bxe4 14.Bxe4 d5 15.Bf3 Nh6 16.O-O-O c6
17.Kb1 Qe7 18.Rc1 Nd7 19.b3 Nb6 20.c3 Kd7 21.Ka1 Rab8 22.Rb1 a5 23.Rhc1 Rhc8
24.c4 bxc4 25.bxc4 Nxc4 26.Rxb8 Rxb8 27.Rxc4 dxc4 28.Qxc4 Rb6 29.Ne4 Qa3
30.Nc5+ Kd8 31.Nd3 Ng4 32.Bxg4 hxg4 33.d5 Rb5 34.dxc6 Rd5 35.Bb6+  1-0

[Event "Bad Woerishofen op"]
[Site "Bad Woerishofen"]
[Date "1999.??.??"]
[Round "7"]
[White "Senner, Peter"]
[Black "Seul, Georg"]
[Result "0-1"]
[WhiteElo "2195"]
[BlackElo "2441"]

1.e4 g6 2.d4 d6 3.Nc3 Bg7 4.Be3 c6 5.Qd2 b5 6.Bd3 Nd7 7.f4 Ngf6 8.h3 O-O
9.g4 Bb7 10.e5 b4 11.Ne4 Nd5 12.Bf2 c5 13.Nf3 cxd4 14.exd6 e5 15.f5 N5f6
16.Qe2 Nxe4 17.Bxe4 Bxe4 18.Qxe4 Nf6 19.Qc6 Rc8 20.Qa6 Ne4 21.Bh4 Bf6 22.Bxf6 Qxf6
23.O-O gxf5 24.Qd3 Nxd6 25.gxf5 Kh8 26.Kh1 Qxf5  0-1

[Event "Bagneux"]
[Site "Bagneux"]
[Date "1999.??.??"]
[Round "5"]
[White "Guedon, Stephanne"]
[Black "Bartha, Sandor"]
[Result "0-1"]
[WhiteElo "2350"]
[BlackElo "2245"]

1.e4 d6 2.d4 g6 3.Nc3 Bg7 4.Nge2 Nf6 5.g3 O-O 6.Bg2 c6 7.a4 e5 8.h3 exd4
9.Nxd4 Nbd7 10.O-O Re8 11.Re1 Nc5 12.b3 Nh5 13.Bb2 d5 14.exd5 Rxe1+ 15.Qxe1 Bxd4
16.Rd1 Bf6 17.dxc6 Qf8 18.b4 Ne6 19.cxb7 Bxb7 20.Bxb7 Rb8 21.Bd5 Qxb4 22.Ba1 Nd4
23.Qe4 Qc5 24.Kg2 Nf5 25.Ne2 Bxa1 26.Rxa1 Nf6 27.Bxf7+ Kxf7 28.Qf4 Rb4 29.Qf3 Qd5
30.Qxd5+ Nxd5 31.g4 Nd4 32.c3 Nc2 33.Rd1 Re4 34.Rxd5 Rxe2 35.Kf3 Re7 36.Rb5 Na3
37.Rb4 Nc2 38.Rb5 Ne1+ 39.Kg3 Nd3 40.h4 Rc7 41.h5 Nc5 42.hxg6+ hxg6 43.Rb4 Ne6
44.f4 Rxc3+ 45.Kh4 Kf6 46.Re4 g5+ 47.fxg5+ Nxg5  0-1

[Event "ROM-ch sf"]
[Site "Baile Tusnad"]
[Date "1999.??.??"]
[Round "3"]
[White "Ambrus, Endre"]
[Black "Fugulyan, Gergely"]
[Result "1/2-1/2"]
[WhiteElo "2281"]
[BlackElo "2111"]

1.e4 g6 2.d4 d6 3.Nc3 Bg7 4.Be3 Nf6 5.f3 O-O 6.Qd2 c6 7.g4 b5 8.h4 h5 9.gxh5 Nxh5
10.Nce2 Nd7 11.Nh3 e5 12.Bg5 f6 13.Bh6 exd4 14.Bxg7 Kxg7 15.Nxd4 Ne5 16.Nf4 Nxf4
17.Qxf4 Qa5+ 18.c3 b4 19.Nb3 Qb6 20.O-O-O c5 21.Qe3 a5 22.c4 Be6 23.Nd2 Qa6
24.Be2 Kf7 25.h5 g5 26.f4 gxf4 27.Qxf4 Bxc4 28.Qe3 Bxe2 29.Qxe2 a4 30.h6 a3
31.b3 Qc8  1/2-1/2

[Event "ROM-ch sf (Women)"]
[Site "Baile Tusnad"]
[Date "1999.??.??"]
[Round "6"]
[White "Duminica, Mariana"]
[Black "Calota, Alina"]
[Result "0-1"]
[WhiteElo "2110"]
[BlackElo "2096"]

1.e4 g6 2.d4 Bg7 3.Nc3 d6 4.Be3 a6 5.Qd2 b5 6.Bd3 Nd7 7.Nge2 c6 8.O-O Ngf6
9.Bh6 O-O 10.Bxg7 Kxg7 11.f4 e5 12.Kh1 Qb6 13.dxe5 dxe5 14.Ng3 c5 15.Nd5 Nxd5
16.exd5 Qd6 17.c4 bxc4 18.Bxc4 Nb6 19.Ne4 Nxc4 20.Qe2 Qxd5 21.Rad1 Bg4 22.Qxg4 Qxe4
23.Rde1 Qd4 24.Qg3 Nd2 25.Rg1 Ne4  0-1

[Event "ROM-ch sf (Women)"]
[Site "Baile Tusnad"]
[Date "1999.??.??"]
[Round "7"]
[White "Istrati, Viorica"]
[Black "Calota, Alina"]
[Result "1-0"]
[WhiteElo "2127"]
[BlackElo "2096"]

1.e4 g6 2.d4 Bg7 3.Nc3 d6 4.Nf3 a6 5.Bc4 b5 6.Bd5 c6 7.Bb3 Nf6 8.e5 dxe5
9.Nxe5 e6 10.Bg5 h6 11.Bh4 Bb7 12.Qe2 O-O 13.O-O-O Qc7 14.f4 a5 15.a4 b4
16.Bxf6 bxc3 17.Bxg7 cxb2+ 18.Kxb2 Kxg7 19.h4 c5 20.dxc5 Qxc5 21.h5 Qb4 22.hxg6 fxg6
23.Qg4 Rf6 24.Nd7 Rf5 25.Nxb8 Bd5 26.Rxd5 exd5 27.Nc6 Qc5 28.Ne5 Qd4+ 29.Ka2 Ra6
30.Nxg6 Rff6 31.Ne5+ Kh7 32.g3 Qe4 33.Qh4 Rfe6 34.Ng4 h5 35.Ne5 Kg7 36.Qh2 Rf6
37.g4 Rxf4 38.Qxh5 Kf8 39.Qh8+ Ke7 40.Qg7+ Kd6 41.Qd7+ Kxe5 42.Rh5+ Kd4  1-0

[Event "ATL-ch"]
[Site "Barranquilla"]
[Date "1999.??.??"]
[Round "7"]
[White "Melgosa, Marcio"]
[Black "Barros, Raul"]
[Result "1-0"]
[WhiteElo "2245"]
[BlackElo "2220"]

1.e4 d6 2.d4 g6 3.Nc3 Bg7 4.f4 c5 5.dxc5 dxc5 6.Qxd8+ Kxd8 7.Nf3 Bg4 8.Be3 Bxf3
9.gxf3 Bxc3+ 10.bxc3 b6 11.O-O-O+ Kc8 12.Bc4 e6 13.f5 exf5 14.Bd5  1-0

[Event "Oberliga Bayern9899"]
[Site "Bayern"]
[Date "1999.??.??"]
[Round "?"]
[White "Riefner, Edwin"]
[Black "Urankar, Hans Peter"]
[Result "0-1"]
[WhiteElo "2230"]
[BlackElo "2175"]

1.e4 g6 2.d4 Bg7 3.Nc3 d6 4.Be3 c6 5.Qd2 Nd7 6.Nf3 b5 7.a3 Bb7 8.Bd3 Qc7
9.O-O a6 10.Ne2 Ngf6 11.c3 O-O 12.Bh6 e5 13.Ng3 Rfe8 14.Bxg7 Kxg7 15.Qg5 Kh8
16.Qh4 Ng8 17.Ng5 Nf8 18.f4 f6 19.Nf3 exf4 20.Qxf4 Ne6 21.Qd2 Qb6 22.Kh1 Rad8
23.Rae1 Qc7 24.Bc2 c5 25.Rf2 Qg7 26.h3 Qc7 27.d5 Nf8 28.Nh2 Bc8 29.Ref1 Qe7
30.Bd1 Kg7 31.Bg4 Bxg4 32.Nxg4 Nd7 33.Qf4 Kh8 34.Re2 Ne5 35.Nh6 Rf8 36.Nxg8 Kxg8
37.Qh6 Nd3 38.Qd2 c4 39.Rf3 Rde8 40.Ree3 Qg7 41.Ne2 Nc5 42.Ng3 Qh6 43.Qf2 Re5
44.Re2 Qg5 45.Qd4 h5 46.Nf1 Qc1 47.Kh2 f5 48.Nd2 Qd1 49.Qe3 f4 50.Rxf4 Rxf4
51.Re1 Rfxe4 52.Nxe4 Qd3 53.Qh6 Nxe4 54.Re3 Rg5 55.Rf3 Rxg2+  0-1

[Event "Regionalliga SO9899"]
[Site "Bayern"]
[Date "1999.??.??"]
[Round "?"]
[White "Firlbeck, Hubert"]
[Black "Otter, Roland"]
[Result "1-0"]
[WhiteElo "2210"]
[BlackElo "1605"]

1.e4 d6 2.d4 g6 3.Nc3 Bg7 4.Be3 Nd7 5.Nf3 e5 6.Bc4 Ne7 7.Bxf7+ Kxf7 8.Ng5+ Kg8
9.Ne6 Qe8 10.Nxc7 Qd8 11.Nxa8 Qa5 12.O-O b5 13.dxe5 Bxe5 14.f4 Bxc3 15.bxc3 Qxc3
16.Bd4 Qc6 17.Bxh8 Kxh8 18.Qd4+ Kg8 19.Rad1 Bb7 20.Nc7 Qxc7 21.Qxd6 Qxc2
22.Qxe7 Bxe4 23.Qe6+ Kf8 24.Qd6+ Kg8 25.Rf2  1-0

[Event "Regionalliga NW9899"]
[Site "Bayern"]
[Date "1999.??.??"]
[Round "?"]
[White "Vogt, Thomas"]
[Black "Hansen, Thomas"]
[Result "1/2-1/2"]
[WhiteElo "1960"]
[BlackElo "2030"]

1.e4 g6 2.d4 Bg7 3.Nc3 d6 4.Be3 Nd7 5.Nf3 Nh6 6.h3 f6 7.Bc4 c6 8.a4 Qa5 9.O-O a6
10.Qd2 Nf7 11.Rfe1 h5 12.e5 dxe5 13.Qd3 Nf8 14.dxe5 Nxe5 15.Nxe5 fxe5 16.Ne4 Bf5
17.Qb3 Nd7 18.Ng5 O-O-O 19.Nf7 Rhf8 20.Nxd8 Qxd8 21.Rad1 Qa5 22.Re2 Nc5 23.Bxc5 Qxc5
24.Red2 Bh6 25.Be6+ Kb8 26.Rd8+ Rxd8 27.Rxd8+ Ka7 28.Bxf5 gxf5 29.Rd7 Qb6
30.Qxb6+ Kxb6 31.Rxe7 Ka5 32.Rxe5+ Kxa4 33.Kf1 b5 34.Re6 Bg7 35.b3+ Kb4 36.Rxc6 a5
37.Ke2 a4 38.bxa4 bxa4 39.Kd1 a3 40.c3+ Kb3 41.Kd2 a2 42.Ra6 Bxc3+ 43.Kd3 a1=Q
44.Rxa1 Bxa1 45.g4 fxg4 46.hxg4 h4 47.Ke2  1/2-1/2

[Event "Regionalliga SW9899"]
[Site "Bayern"]
[Date "1999.??.??"]
[Round "?"]
[White "Froehlich, Rainer"]
[Black "Tudosa, Daniel"]
[Result "0-1"]
[WhiteElo "2010"]
[BlackElo "1975"]

1.e4 g6 2.d4 Bg7 3.Nc3 d6 4.Bc4 Nf6 5.Nf3 O-O 6.h3 c5 7.dxc5 Qa5 8.O-O Qxc5
9.Be2 a6 10.Be3 Qc7 11.Nd4 b5 12.a3 Bb7 13.Bf3 Nbd7 14.Qe2 Rac8 15.Rac1 Ne5
16.Nd5 Nxd5 17.exd5 Nxf3+ 18.Qxf3 e6 19.c3 Bxd5 20.Qg3 e5 21.Nc2 a5 22.Qh4 Qc6
23.f3 Bb3 24.Na1 Be6 25.Rfe1 Qd7 26.Rcd1 Rc4 27.Qg3 Bf6 28.Bg5 Bg7 29.Nc2 h6
30.Bd2 Kh7 31.Ne3 Rc6 32.Bc1 f5 33.Nd5 Qf7 34.c4 bxc4 35.Nc3 d5 36.f4 e4
37.Ne2 Rb6 38.Nd4 Bxd4+ 39.Rxd4 Rb3 40.Qf2 Rfb8 41.Rdd1 Qg7 42.Qc5 R3b5 43.Qd6 R8b6
44.Qd8 Rc6 45.Be3 Qg8 46.Qe7+ Qf7 47.Qd8 Rc8 48.Qd6 Rxb2 49.Bd4 Rb7 50.Rb1 Re8
51.Qa6 Bc8 52.Qxa5 g5 53.Qd2 Rg8 54.a4 Qg6 55.Rxb7+ Bxb7 56.Rb1 Bc6 57.Rb2 Qd6
58.Be5 Qa3 59.Qa5 Qe7 60.Rb6 Qe6 61.Qa6 Rc8 62.Qa7+ Kg6 63.Kf2 Qf7 64.Qa6 Qd7
65.g4 gxf4 66.Bxf4 c3 67.Qe2 d4 68.Kg1 d3 69.Qf2 d2  0-1

[Event "Regionalliga NW9899"]
[Site "Bayern"]
[Date "1999.??.??"]
[Round "?"]
[White "Dahlheimer, Bernd"]
[Black "Wuttig, Michael"]
[Result "1/2-1/2"]
[WhiteElo "2015"]
[BlackElo "1970"]

1.e4 d6 2.d4 g6 3.Nc3 Bg7 4.Be3 Nf6 5.f3 c6 6.Qd2 Nbd7 7.O-O-O Qa5 8.Bh6 Bxh6
9.Qxh6 b5 10.Kb1 b4 11.Nce2 Nb6 12.Nc1 Be6 13.Nge2 Bc4 14.g4 c5 15.Qd2 Na4
16.dxc5 Qxc5 17.g5 Nd7 18.Qd4 Qxd4 19.Rxd4 Nab6 20.b3 Bxe2 21.Bxe2 a5 22.f4 O-O
23.Bg4 Rac8 24.Rhd1 Rc5 25.Bxd7 Nxd7 26.e5 Rfc8 27.exd6 exd6 28.Rxd6 Nf8
29.R1d2 Ne6 30.Nd3 Rf5 31.Rf2 Kg7 32.h4 h6 33.Kb2 hxg5 34.hxg5 Rh8 35.Rc6 Rh4
36.Rc4 Rh1 37.a3 bxa3+ 38.Kxa3 Kf8 39.Kb2 Ke7 40.Re4 Rh4 41.c4 Kd8 42.Kc3 Kc8
43.Re5 Rxe5 44.Nxe5 Rxf4 45.Rxf4 Nxf4 46.Nxf7 Ne6 47.Nd6+ Kd7 48.Ne4 Kc6
49.Kd3 Kb6 50.Kc3 Kc6 51.Kb2 Kb6 52.Ka3 Ka6 53.Ka4 Kb6 54.Ka3 Kc6 55.Kb2 Kb6
56.Kc3 Kc6  1/2-1/2

[Event "Regionalliga NW9899"]
[Site "Bayern"]
[Date "1999.??.??"]
[Round "?"]
[White "Dahlheimer, Bernd"]
[Black "Kudlich, Harald"]
[Result "1-0"]
[WhiteElo "2015"]
[BlackElo "1875"]

1.e4 d6 2.d4 g6 3.Nc3 Bg7 4.Be3 c6 5.Qd2 Nd7 6.h4 h5 7.O-O-O a6 8.f3 Qa5
9.Kb1 b5 10.Nh3 Nb6 11.Ne2 Qxd2 12.Bxd2 Bxh3 13.Rxh3 d5 14.e5 e6 15.g4 Bh6
16.Nf4 Nc4 17.Bc1 Ne7 18.b3 Nb6 19.Nd3 Bxc1 20.Kxc1 a5 21.Nf4 a4 22.Kb2 Kd7
23.Bd3 hxg4 24.fxg4 Rh6 25.Rdh1 Rah8 26.h5 gxh5 27.Nxh5 Kc7 28.Rf1 Rf8 29.Rhf3  1-0

[Event "Regionalliga NW9899"]
[Site "Bayern"]
[Date "1999.??.??"]
[Round "?"]
[White "Albert, Marion"]
[Black "Reisert, Wolfgang"]
[Result "1/2-1/2"]
[WhiteElo "1990"]
[BlackElo "1955"]

1.e4 g6 2.d4 Bg7 3.Nc3 d6 4.Bc4 Nf6 5.Qe2 e5 6.dxe5 dxe5 7.Nf3 Nh5 8.Bg5 f6
9.Rd1 Nd7 10.Be3 c6 11.Qd2 Qc7 12.O-O Nb6 13.Bb3 Bg4 14.Bc5 Bf8 15.Bxf8 Rxf8
16.Qe3 Nf4 17.h3 Be6 18.Bxe6 Nxe6 19.b3 Rf7 20.a4 a5 21.g3 Rd8 22.Rxd8+ Kxd8
23.Ne2 Ke8 24.Nd2 g5 25.c3 Rg7 26.Ra1 Nf4 27.Kh2 Qd7 28.gxf4 gxf4 29.Nxf4 exf4
30.Qxf4 Rg6 31.Nf3 Qd3 32.Qb8+ Ke7 33.Qf4 Nd7 34.Re1 Qxc3 35.Re3 Qc5 36.e5 fxe5
37.Nxe5 Re6 38.Nxd7 Kxd7 39.Rd3+ Rd6 40.Qf7+ Kc8 41.Qe8+ Kc7 42.Qe7+ Kb6
43.Rf3 Rd2 44.Qxc5+ Kxc5 45.Kg3 Rd4 46.Re3 Rd7 47.f4 Rg7+ 48.Kf3 Kd6 49.f5 Re7
50.Rc3 Re1 51.Kf4 Ke7 52.Rc5 Kf6 53.Rxa5 Rf1+ 54.Ke4 Rb1 55.Ra8 Rxb3 56.Rf8+ Ke7
57.Rb8 Rxh3 58.Rxb7+ Kf6  1/2-1/2

[Event "Regionalliga NW9899"]
[Site "Bayern"]
[Date "1999.??.??"]
[Round "?"]
[White "Kudlich, Harald"]
[Black "Reisert, Wolfgang"]
[Result "0-1"]
[WhiteElo "1875"]
[BlackElo "1955"]

1.e4 g6 2.d4 Bg7 3.Nc3 d6 4.Nf3 Nd7 5.Bc4 e5 6.O-O c6 7.Ng5 Nh6 8.dxe5 dxe5
9.Be3 O-O 10.h3 Qe7 11.Qd2 Kh8 12.Rad1 Nb6 13.Bb3 f6 14.Nf3 Nf7 15.Nh2 Be6
16.Bxe6 Qxe6 17.b3 Rfd8 18.Qe2 Bf8 19.Rxd8 Rxd8 20.Rd1 Bb4 21.Rxd8+ Nxd8
22.Qd3 Qd7 23.Qxd7 Nxd7 24.Nd1 Bc5 25.Bd2 Ne6 26.c3 Nf4 27.Bxf4 exf4 28.Kf1 Ne5
29.Ke2 g5 30.Nf3 Nxf3 31.Kxf3 Bd6 32.Kg4 Kg7 33.Kf5 Be5 34.f3 Kf7 35.h4 h6
36.h5 b5 37.Nf2 Bxc3 38.Ng4 c5 39.Nxh6+ Kg7 40.Ng4 c4 41.e5 Bxe5 42.bxc4 bxc4
43.Ke4 Bb2 44.Nf2 Kh6 45.Nd1 f5+  0-1

[Event "Landesliga Nord 9899"]
[Site "Bayern"]
[Date "1999.??.??"]
[Round "?"]
[White "Kraft, Volker"]
[Black "Bunk, Karsten"]
[Result "0-1"]
[WhiteElo "2355"]
[BlackElo "2105"]

1.e4 g6 2.d4 Bg7 3.Nc3 d6 4.Bg5 h6 5.Bh4 c5 6.dxc5 Qa5 7.Qd2 Qxc5 8.Nd5 Be6
9.c4 g5 10.Bg3 Nf6 11.f3 Nbd7 12.Ne2 Bxd5 13.cxd5 a5 14.a3 Qb6 15.Bf2 Nc5
16.Rc1 Nfd7 17.Nd4 Be5 18.Bb5 Bf4 19.Be3 Nb3 20.Qc3 Bxe3 21.Ne6 Bd2+  0-1

[Event "Landesliga Sued 9899"]
[Site "Bayern"]
[Date "1999.??.??"]
[Round "?"]
[White "Schmidt, Wolfgang"]
[Black "Terzic, Safet"]
[Result "1/2-1/2"]
[WhiteElo "2340"]
[BlackElo "2310"]

1.e4 g6 2.d4 Bg7 3.Nc3 d6 4.f4 Nf6 5.Nf3 O-O 6.Bd3 Na6 7.O-O c5 8.d5 Bg4
9.Bc4 Rb8 10.h3 Bxf3 11.Qxf3 Nd7 12.Qe2 Nc7 13.a4 Kh8 14.Rd1 Nb6 15.Bb3 Nd7
16.Be3 a6 17.a5 Nb5 18.Nxb5 axb5 19.Qxb5 Bxb2 20.Ra2 Bg7 21.Ba4 Nf6 22.e5 Ne4
23.Qd3 f5 24.g4  1/2-1/2

[Event "Landesliga Sued 9899"]
[Site "Bayern"]
[Date "1999.??.??"]
[Round "?"]
[White "Scheckenbach, Franz"]
[Black "Safyanovsky, Mark"]
[Result "0-1"]
[WhiteElo "2095"]
[BlackElo "2395"]

1.e4 g6 2.d4 Bg7 3.Nc3 d6 4.g3 Nf6 5.Bg2 O-O 6.Nge2 e5 7.O-O Nc6 8.dxe5 Nxe5
9.h3 Rb8 10.Nd4 Bd7 11.Bg5 h6 12.Be3 Re8 13.a4 a6 14.b3 Kh7 15.f4 Nc6 16.Qd2 Nxd4
17.Bxd4 c5 18.Bf2 Bc6 19.Rad1 Nxe4 20.Nxe4 Bxe4 21.Bxe4 Rxe4 22.Bxc5 Qc8
23.Qxd6 Qxh3 24.Bf2 Rbe8 25.Rfe1 Bd4 26.Rxe4 Qxg3+ 27.Kh1 Qf3+  0-1